000 00504nam a2200169 i 4500
001 134705
003 ES-MaACL
005 20230906194728.0
007 t|
008 070913s1973 sp ||||1| spa d
100 1 _aWeinberg, Herman G.
_9116355
245 1 3 _aEl toque Lubitsch /
_cHerman G. Weinberg ; [traducción: Ernesto Mayans].
260 _a[Barcelona] :
_bLumen,
_c[1973]
300 _a375 p., 16 lám. ;
_c19 cm.
700 1 _aMayans, Ernesto.
_979331
852 _aES-MaACL
_jC-56063
_bR.88854
999 _c134705
_d134705